000 01203nam0a2200301 4500
001 RU\NLR\bibl\1665608
005 20260406081847.0
010 _a978-5-465-01930-9
_912000
021 _aRU
_b2010-52240
_93441
035 _a(NLR Aleph) 001656884
090 _a956863
_c956863
100 _a20100819d2010 |||y0rusy50 ca
101 0 _arus
102 _aRU
105 _aa |||||||||
200 1 _aРассказы Павлика Помидорова, брата Люси Синицыной
_e[для детей младшего и среднего школьного возраста]
_fИ. Пивоварова
_gхудож. З.Н. Ярина
210 _aМосква
_cОмега
_d2010
215 _a124, [1] с., [7] л. цв. ил.
_cцв. ил.
_d21
225 1 _aШкольная библиотека
700 1 _4070
_8rus
_7ca
_aПивоварова
_bИ. М.
_gИрина Михайловна
_f1939-1986
_3RU\NLR\auth\7746701
_929636
702 1 _aЯрина
_bЗ. Н.
_gЗоя Николаевна
_4040
801 0 _aRU
_bNLR
_c20100819
_gRCR
801 1 _aRU
_bNLR
_c20100819
830 _aавт. по кн.
830 _aхудож. по ЭК
942 _cBOOK
980 _aNB